000 00596nam a2200205 a 4500
005 20210219152948.0
008 991125n 000 0 spa u
035 _aUPN01000069171
100 _aLIZARRAGA BERNAL, Alfonso
222 _aINTRINGULIS
245 _aConsideraciones sobre el problema de la formación de investigadores sociales
300 _a18-26
362 _a1993 No. 9, jul.-sep.
653 0 _aFORMACION DE INVESTIGADORES
653 0 _aINVESTIGACION EDUCATIVA
653 0 _aINVESTIGACION SOCIAL
653 0 _aINVESTIGADORES
904 _aAC
_b006982
905 _aArticulo
999 _c64859
_d64859